Impact of Natural Gas on the Consumption of Energy : In the Oecd European Member Countries
Tallennettuna:
| Yhteisötekijä: | |
|---|---|
| Aineistotyyppi: | Kirja |
| Kieli: | Undetermined |
| Julkaistu: |
Paris
O.E.C.D. Publications
1969
|
| Aiheet: | |
| Tagit: |
Lisää tagi
Ei tageja, Lisää ensimmäinen tagi!
|
| Thư viện lưu trữ: | Trung tâm Học liệu Trường Đại học Cần Thơ |
|---|
| LEADER | 00619nam a2200193Ia 4500 | ||
|---|---|---|---|
| 001 | CTU_85890 | ||
| 008 | 210402s9999 xx 000 0 und d | ||
| 082 | |a 338.2 | ||
| 082 | |b O.68 | ||
| 110 | |a Organisation for Economic Co-operation and Development | ||
| 245 | 0 | |a Impact of Natural Gas on the Consumption of Energy : | |
| 245 | 0 | |b In the Oecd European Member Countries | |
| 245 | 0 | |c Organisation for Economic Co-operation and Development | |
| 260 | |a Paris | ||
| 260 | |b O.E.C.D. Publications | ||
| 260 | |c 1969 | ||
| 650 | |a Natural | ||
| 904 | |i Năm | ||
| 980 | |a Trung tâm Học liệu Trường Đại học Cần Thơ | ||